|
|
|
|
| LEADER |
03111nam a2200565 4500 |
| 001 |
978-3-540-36113-8 |
| 003 |
DE-He213 |
| 005 |
20191029032949.0 |
| 007 |
cr nn 008mamaa |
| 008 |
121227s2003 gw | s |||| 0|eng d |
| 020 |
|
|
|a 9783540361138
|9 978-3-540-36113-8
|
| 024 |
7 |
|
|a 10.1007/3-540-36113-8
|2 doi
|
| 040 |
|
|
|d GrThAP
|
| 050 |
|
4 |
|a QD415-436
|
| 072 |
|
7 |
|a PNN
|2 bicssc
|
| 072 |
|
7 |
|a SCI013040
|2 bisacsh
|
| 072 |
|
7 |
|a PNN
|2 thema
|
| 082 |
0 |
4 |
|a 547
|2 23
|
| 245 |
1 |
0 |
|a Modern Mass Spectrometry
|h [electronic resource] /
|c edited by Christoph A. Schalley.
|
| 250 |
|
|
|a 1st ed. 2003.
|
| 264 |
|
1 |
|a Berlin, Heidelberg :
|b Springer Berlin Heidelberg :
|b Imprint: Springer,
|c 2003.
|
| 300 |
|
|
|a XII, 317 p.
|b online resource.
|
| 336 |
|
|
|a text
|b txt
|2 rdacontent
|
| 337 |
|
|
|a computer
|b c
|2 rdamedia
|
| 338 |
|
|
|a online resource
|b cr
|2 rdacarrier
|
| 347 |
|
|
|a text file
|b PDF
|2 rda
|
| 490 |
1 |
|
|a Topics in Current Chemistry,
|x 0340-1022 ;
|v 225
|
| 505 |
0 |
|
|a Reactivity -- Physical Organic Chemistry of the Gas Phase. Reactivity Trends for Organic Cations -- Mass Spectrometric Approaches to Interstellar Chemistry -- Transient Intermediates of Chemical Reactions by Neutralization-Reionization Mass Spectrometry -- Metalorganic Chemistry -- Diastereoselective Effects in Gas-Phase Ion Chemistry -- Metalorganic Chemistry in the Gas Phase: Insight into Catalysis -- Mass Spectrometric Methodology -- Gas-Phase Conformations: The Ion Mobility/Ion Chromatography Method -- Threshold Collision-Induced Dissociations for the Determination of Accurate Gas-Phase Binding Energies and Reaction Barriers -- Medicinal Chemistry -- Investigating Viral Proteins and Intact Viruses with Mass Spectrometry -- High-Throughput Mass Spectrometry for Compound Characterization in Drug Discovery.
|
| 650 |
|
0 |
|a Organic chemistry.
|
| 650 |
|
0 |
|a Analytical chemistry.
|
| 650 |
|
0 |
|a Inorganic chemistry.
|
| 650 |
|
0 |
|a Physical chemistry.
|
| 650 |
|
0 |
|a Biochemistry.
|
| 650 |
1 |
4 |
|a Organic Chemistry.
|0 http://scigraph.springernature.com/things/product-market-codes/C19007
|
| 650 |
2 |
4 |
|a Analytical Chemistry.
|0 http://scigraph.springernature.com/things/product-market-codes/C11006
|
| 650 |
2 |
4 |
|a Inorganic Chemistry.
|0 http://scigraph.springernature.com/things/product-market-codes/C16008
|
| 650 |
2 |
4 |
|a Physical Chemistry.
|0 http://scigraph.springernature.com/things/product-market-codes/C21001
|
| 650 |
2 |
4 |
|a Biochemistry, general.
|0 http://scigraph.springernature.com/things/product-market-codes/L14005
|
| 700 |
1 |
|
|a Schalley, Christoph A.
|e editor.
|4 edt
|4 http://id.loc.gov/vocabulary/relators/edt
|
| 710 |
2 |
|
|a SpringerLink (Online service)
|
| 773 |
0 |
|
|t Springer eBooks
|
| 776 |
0 |
8 |
|i Printed edition:
|z 9783642055119
|
| 776 |
0 |
8 |
|i Printed edition:
|z 9783540000983
|
| 776 |
0 |
8 |
|i Printed edition:
|z 9783662146019
|
| 776 |
0 |
8 |
|i Printed edition:
|z 9783662602096
|
| 830 |
|
0 |
|a Topics in Current Chemistry,
|x 0340-1022 ;
|v 225
|
| 856 |
4 |
0 |
|u https://doi.org/10.1007/3-540-36113-8
|z Full Text via HEAL-Link
|
| 912 |
|
|
|a ZDB-2-CMS
|
| 912 |
|
|
|a ZDB-2-BAE
|
| 950 |
|
|
|a Chemistry and Materials Science (Springer-11644)
|